Piratería e imaginario nacional /
Збережено в:
| Автор: | |
|---|---|
| Формат: | Невідомо |
| Мова: | Spanish |
| Предмети: | |
| Теги: |
Додати тег
Немає тегів, Будьте першим, хто поставить тег для цього запису!
|
MARC
| LEADER | 000000000a22000000004500 | ||
|---|---|---|---|
| 001 | 002525 | ||
| 041 | 0 | |a spa | |
| 100 | 1 | |a Gerassi Navarro, Nina | |
| 245 | 1 | 0 | |a Piratería e imaginario nacional / |c Nina Gerassi Navarro. |
| 310 | |a semestral | ||
| 650 | 4 | |a IMAGINARIO NACIONAL | |
| 650 | 4 | |a PIRATERIA | |
| 650 | 4 | |a SIGLO XIX | |
| 650 | 4 | |a HISPANOAMERICA | |
| 650 | 4 | |a INDEPENDENCIA | |
| 650 | 4 | |a POLITICA | |
| 650 | 4 | |a IDENTIDAD NACIONAL | |
| 650 | 4 | |a HISTORIA | |
| 650 | 4 | |a NOVELA HISTORICA | |
| 650 | 4 | |a RUPTURA | |
| 650 | 4 | |a ESPAÑA E INGLATERRA | |
| 650 | 4 | |a IDEOLOGIA | |
| 650 | 4 | |a NACION | |
| 650 | 4 | |a RECONSTRUCCION | |
| 773 | 0 | |x 0798-958-X |d Venezuela : Universidad Simón Bolívar |t Estudios : Revista de Investigaciones Literarias |g volumen 5, número 9 (1997), páginas 177-191 | |
| 942 | |c ARC | ||
| 999 | |c 9941 |d 9941 | ||
